Labview для радиоинженера: от виртуальной модели до реального прибора: учебное пособие для вузов

Podrobná bibliografie
Hlavní autor: Евдокимов Ю. К. Юрий Кириллович
Další autoři: Линдваль В. Р. Владимир Романович, Щербаков Г. И. Геннадий Иванович
Shrnutí:В данной книге возможности LabVIEW как среды программирования демонстрируются на примерах в области цифровой обработки сигналов, радиоэлектроники, компьютерных измерений и автоматизации эксперимента, электродинамики и распространения радиоволн. Большая часть примеров в книге строится по принципу «от простого к сложному», показавшему свою эффективность на курсах изучения LabVIEW. К книге прилагается компакт-диск, на котором размещены виртуальные лабораторные работы, а также демонстрационная версия LabVIEW 8.20. Книга рекомендуется для студентов радиотехнических и телекоммуникационных специальностей вузов, а также может быть полезна инженерам и научным работникам.
Jazyk:ruština
Vydáno: Москва, ДМК Пресс, 2007
Témata:
Médium: Neznámo
KOHA link:https://koha.lib.tpu.ru/cgi-bin/koha/opac-detail.pl?biblionumber=115771

MARC

LEADER 00000nmm0a2200000 4500
001 115771
005 20231031122851.0
010 |a 5940743463 
035 |a (RuTPU)RU\TPU\book\125234 
090 |a 115771 
100 |a 20070514d2007 km y0rusy50 ca 
101 0 |a rus 
102 |a RU 
105 |a a j 001zy 
200 1 |a Labview для радиоинженера: от виртуальной модели до реального прибора  |e учебное пособие для вузов  |f Ю. К. Евдокимов, В. Р. Линдваль, Г. И. Щербаков 
210 |a Москва  |c ДМК Пресс  |d 2007 
215 |a 400 с.  |c ил.  |e CD-ROM 
320 |a Библиогр.: с. 398-399. 
330 |a В данной книге возможности LabVIEW как среды программирования демонстрируются на примерах в области цифровой обработки сигналов, радиоэлектроники, компьютерных измерений и автоматизации эксперимента, электродинамики и распространения радиоволн. Большая часть примеров в книге строится по принципу «от простого к сложному», показавшему свою эффективность на курсах изучения LabVIEW. К книге прилагается компакт-диск, на котором размещены виртуальные лабораторные работы, а также демонстрационная версия LabVIEW 8.20. Книга рекомендуется для студентов радиотехнических и телекоммуникационных специальностей вузов, а также может быть полезна инженерам и научным работникам. 
610 1 |a радиоэлектроника 
610 1 |a радиоволны 
610 1 |a сигналы 
610 1 |a цифровая обработка 
610 1 |a электродинамика 
610 1 |a распространение 
610 1 |a среда программирования 
610 1 |a практические руководства 
610 1 |a учебные пособия 
610 1 |a LabVIEW 
610 1 |a CD-ROM 
675 |a 621.37/.39(075.8)  |v 3 
675 |a 681.3.06(075.8)  |v 3 
700 1 |a Евдокимов  |b Ю. К.  |g Юрий Кириллович 
701 1 |a Линдваль  |b В. Р.  |g Владимир Романович 
701 1 |a Щербаков  |b Г. И.  |g Геннадий Иванович 
801 1 |a RU  |b 63413507  |c 20070514  |g PSBO 
801 2 |a RU  |b 63413507  |c 20221213  |g PSBO 
942 |c MX